| 000 | 00462nam a2200205Ia 4500 | ||
|---|---|---|---|
| 003 | OSt | ||
| 005 | 20251208114923.0 | ||
| 008 | 250729s1900 xx 000 0 und d | ||
| 020 | _a978-1548435769 | ||
| 040 | _cAL | ||
| 041 | _aeng | ||
| 082 | _a900 LINH | ||
| 100 |
_aLingard John _9226070 |
||
| 245 | _aHistory of england | ||
| 260 | _aLondon | ||
| 300 | _a295p | ||
| 650 |
_aHistory _9226071 |
||
| 700 |
_aRao Digumurthi _9226072 |
||
| 942 |
_2ddc _cBED |
||
| 999 |
_c237170 _d237170 |
||